000
00305nam a22001337a 4500
008
171012b xxu||||| |||| 00| 0 eng d
020
_a
9780072555233
041
_a
eng
080
_2
3RD
_a
316
100
_a
50
101
_a
SOC
245
_a
MAPPING THE SOCIAL LANDSCAPE
_c
FERGUSON,S.J
942
_2
udc
_c
BK
999
_c
33427
_d
33427